000 00616nam a2200169 i 4500
003 IT-RoINE
005 20250416111153.0
008 031003s1944 vc r 000 | lat d
110 2 _aBasilica di Santa Maria Maggiore (Roma, Italia).
_bCapitolo
_959189
245 0 0 _aConstitutiones Capituli et cleri sacrosanctae patriarchalis basilicae Sanctae Mariae maioris de Urbe :
_banno Domini MCMXLIV.
260 _a[In Civitate Vaticana] :
_bTypis polyglottis vaticanis,
_c1944.
300 _a80 p. ;
_c23 cm.
336 _2rdacontent
_atext
337 _2rdamedia
_aunmediated
338 _2rdacarrier
_avolume
942 _cMTS
999 _c32236
_d32236